WNBA Top 25 All-Time: Games - Statistics

General Stats
  • This quiz has been taken 39 times
    24 since last reset
  • The average score is 6 of 25
Answer Stats
# Player Games % Correct
2 Diana Taurasi 565
92%
1 Sue Bird 580
88%
17 Tina Charles 441
71%
T11 Tamika Catchings 457
58%
3 DeWanna Bonner 511
42%
7 Katie Smith 482
38%
10 Tangela Smith 463
38%
5 Tina Thompson 496
33%
15 Becky Hammon 450
29%
4 DeLisha Milton-Jones 499
29%
9 Swin Cash 479
21%
24 Cappie Pondexter 416
17%
19 Courtney Vandersloot 436
17%
8 Lindsay Whalen 480
13%
6 Candice Dupree 494
8%
14 Rebekkah Brunson 453
4%
18 Taj McWilliams-Franklin 440
4%
22 Alana Beard 420
0%
20 Camille Little 431
0%
23 Jia Perkins 417
0%
25 Katie Douglas 412
0%
16 Plenette Pierson 444
0%
T11 Tanisha Wright 457
0%
13 Ticha Penicheiro 454
0%
21 Tully Bevilaqua 425
0%
No matching quizzes found
Score Distribution
Percent of People with Each Score
Percentile by Number Answered
Your Score History
You have not taken this quiz since the last reset